| 000 | 00559nam a2200205Ia 4500 | ||
|---|---|---|---|
| 005 | 20260429112137.0 | ||
| 008 | 260429s9999||||xx |||||||||||||| ||und|| | ||
| 020 | _a9781394240340 | ||
| 041 | _aEnglish | ||
| 082 |
_a302.23 _bOTT |
||
| 100 | _aOtt, Brian L. | ||
| 245 | 0 |
_aCritical media studies : _ban introduction for the digital age / _cBrian L. Ott |
|
| 250 | _a4th ed. | ||
| 260 |
_aNew Jersey : _bWiley Blackwell, _c2026. |
||
| 300 | _axi, 460 p.; pbk | ||
| 650 | _a Digital age | ||
| 650 | _aMedia | ||
| 700 | _a Mack, Robert L. | ||
| 942 | _cTB | ||
| 999 |
_c52575 _d52575 |
||